| 000 | 00699nam a2200193Ia 4500 | ||
|---|---|---|---|
| 005 | 20250508150615.0 | ||
| 008 | 008 250505s9999 xx 000 0 eng d | ||
| 037 | _aTextual | ||
| 040 |
_aFEDL _beng _cFEDL |
||
| 041 |
_aeng _2eng |
||
| 084 |
_a371.333, WRI _qFEDL |
||
| 100 | _aWright Walter | ||
| 245 | 0 | _aPublic speaking and broad casting : The technique of writing and bradcasting radio talks with notes on its application to other forms of public speaking and with reprints of actual scripts | |
| 260 |
_aWashington, USA _bLittlebury and Company Ltd. |
||
| 300 | _a103p. | ||
| 700 |
_a Edgar Percy F _9757180 |
||
| 942 |
_cTEXL _h371.333, WRI |
||
| 999 |
_c1324550 _d1324550 |
||